000 01261nam a22002657a 4500
999 _c2393
_d2393
003 AR-CdUCM
008 190304b ||||| |||| 00| 0 spa d
020 _a9972-51026-3
040 _aMUNICIPALIDAD PROVINCIAL DEL CUSCO
_cBIBLIOTECA MUNICIPAL DEL CUSCO
082 _a351.0073 /
_bD
245 _aDescentralización y gobernabilidad en tiempos de globalización /
260 _aPiura :
_bIEP,
_c1998.
300 _a252 páginas ;
_bCuadros.
_c20.5 cm.
440 _aIdeología y política
_n10
_98591
505 _aContenido: La reforma del Estado y el problema de la conducción política -- Avances y retrocesos de la descentralización territorial y política en Colombia, Bolivia y Perú -- La descentralización en la Argentina: una reforma trunca -- La descentralización en el Perú: entre la fortaleza del centro y la debilidad de la periferia -- Globalización y descentralización vistas desde una ONG de provincia ...
650 _aGlobalización
_98592
650 _aHistoria social
_92972
650 _aParticipación política
_97489
700 _aRevesz, Bruno (Editor)
_98593
700 _aEguren, Fernando
_94402
700 _aGonzales de Olarte, Efraín
_98594
700 _aHaour, Bernardo
_98595
942 _2ddc
_cLIBROS
945 _aafb